000 00825nam a2200229 a 4500
001 18858
003 CO-ViMGA
008 141112s2004 ck r 000 u spa d
020 _a9583003808
040 _aCO-ViMGA
_bspa
_cCO-ViMGA
082 0 4 _aCo861.08 P175
100 1 _aHernández, Carlos Nicolas, comp
_926929
245 1 0 _aParnaso colombiano
260 _aBogotá :
_bPanAméricana Editorial; 2000
300 _a83 p.
490 _aCuadernillos de poesía
505 _aCaro, Jose Eusebio Caro, Miguel Antonio Arboleda, Julio Ortiz, Jose Joaquin Caicedo Rojas; jose Perez, Felipe Rivas, Medardo Samper, Jose Maria Pombo, Rafael Mejia, Epifanio y otros
590 _aForma de adquisición : Premio Mincultura
650 1 4 _aPOESIA AMOROSA COLOMBIANA
650 1 4 _aPOESIA COLOMBIANA - COLECCIONES
942 _2ddc
_cBK
999 _c28086
_d28086